000 00743nam a2200229Ia 4500
001 14796
003 GE_BSU
008 181216s||||||||xx |||||||||||||| ||und||
040 _cGE_BSU
080 _a514.11(075.32)
100 _aАндреев, П.П.
245 _aКурс элементарной геометрии для техникумов.
245 _bУчебник для сред. спец. учеб. завед.
245 _cРед.А.Т.Цветков.
250 _aИзд. 4-ое.стереот.
260 _aМосква
260 _bГостехиздат.
260 _c1957.
300 _a239стр.
653 _aКурс элементарной геометрии для техникумов.
942 _cBK
999 _c47919
_d47919